000 00883nas a2200289 4500
001 BR0901669
003 BR-BrBNA
005 20231205112621.0
007 ta
008 230509b bl.|||p| |||| 00| 00por d
040 _aBR-BrBNA
_bpor
_cBiblioteca Nacional de Agricultura
041 _a(Pt)
072 _aH60
100 1 _aVivian, R.
100 1 _aJakelaitis, A.
100 1 _aSilva, A.A. da
100 1 _aRibeiro Junior, J.I.
100 1 _aFranco, R.B.
100 1 _aMassignan, L.F.D.
245 1 _aEfeito da mistura comercial ametryn + trifloxysulfuron-sodium na especies Cyperus rotundus L.
650 _aHERBICIDA
650 _aTIRIRICA
650 _aMETODO DE APLICAÇÃO
773 0 _tPesquisa Agropecuaria Tropical (Brazil)
_xISSN 1517-6398
_g(Apr-Jun 2008), v. 38(2) p. 63-70
_wBR0901669
909 _a202311
_bLúcia
_c55
_dLúcia Elande
942 _2AGRIS
_n0
_cANA
999 _c198991
_d198991